header

Monitoring and Evaluation Leadership Strategies Towards Completion of Infrastructure Project in Public Secondary In Uriri Sub County, Migori County. (Record no. 264715)

MARC details
000 -LEADER
fixed length control field 00522nam a22001577a 4500
003 - CONTROL NUMBER IDENTIFIER
control field OSt
005 - DATE AND TIME OF LATEST TRANSACTION
control field 20250213111118.0
008 - FIXED-LENGTH DATA ELEMENTS--GENERAL INFORMATION
fixed length control field 250213b xxu||||| |||| 00| 0 eng d
024 ## - OTHER STANDARD IDENTIFIER
Source of number or code MED/6001/2019
040 ## - CATALOGING SOURCE
Transcribing agency Rongo University
050 ## - LIBRARY OF CONGRESS CALL NUMBER
Classification number HD 69 P75
Item number O34
100 ## - MAIN ENTRY--PERSONAL NAME
Personal name Ongukah Jim Odhiambo
245 ## - TITLE STATEMENT
Title Monitoring and Evaluation Leadership Strategies Towards Completion of Infrastructure Project in Public Secondary In Uriri Sub County, Migori County.
260 ## - PUBLICATION, DISTRIBUTION, ETC. (IMPRINT)
Place of publication, distribution, etc Rongo
Name of publisher, distributor, etc Rongo University
Date of publication, distribution, etc 2024
942 ## - ADDED ENTRY ELEMENTS (KOHA)
Source of classification or shelving scheme Library of Congress Classification
Koha item type Thesis
Holdings
Withdrawn status Lost status Source of classification or shelving scheme Damaged status Not for loan Collection code Home library Current library Shelving location Date acquired Total Checkouts Full call number Barcode Date last seen Price effective from Koha item type
    Library of Congress Classification     Reference Rongo University Library Rongo University Library Reference 13/02/2025   HD 69 P75 O34 2024 RU/SED/2025/128 13/02/2025 13/02/2025 Thesis

© 2026 Rongo University
Contact us: librarian | system librarian | Rongo university